000
00241nam a2200109Ia 4500
999
_c
8805
_d
8805
020
_a
9780201590982
100
_a
Hoffer, Prescott
245
0
_a
Modern Database Management
260
_a
New Delhi
_b
Prentice
_c
1998
300
_a
558
942
_c
BK